000 00615nam a2200217Ia 4500
005 20250508165802.0
008 008 250505s9999 xx 000 0 eng d
020 _a978-81-317-5866-3
037 _aTextBook
040 _aFEDL
_beng
_cFEDL
041 _aeng
_2eng
084 _a513.07, WES/R
_qFEDL
100 _aWestwood Peter
_9781962
245 0 _aWhat teachers need to know about numeracy
260 _aVictoria, Australia
_bACER Press
_c2008
300 _aviii, 100p.
365 _aINR
_b400
546 _aIndian edition 2016
942 _cTB
_h513.07, WES/R
999 _c1397447
_d1397447